Théorie des nombres /
Guardado en:
| Autor Principal: | |
|---|---|
| Otros Autores: | |
| Formato: | Libro |
| Idioma: | French |
| Publicado: |
Paris :
Gauthier-Villars,
1922.
|
| Etiquetas: |
Agregar Etiqueta
Sin Etiquetas, Sea el primero en etiquetar este registro!
|
| LEADER | 00505nam a22001455a 4500 | ||
|---|---|---|---|
| 001 | MAT.inmabb001602 | ||
| 008 | 031124s1922####fr############000#0#fre#d | ||
| 005 | 20170818121910.0 | ||
| 245 | 1 | 0 | |a Théorie des nombres / |c par M. Kraïtchik ; avec une préface de M. d'Ocagne. |
| 260 | |a Paris : |b Gauthier-Villars, |c 1922. | ||
| 300 | |a ix, 229 p. ; |c 24 cm. | ||
| 100 | 1 | |a Kraitchik, Maurice, |d 1882- | |
| 700 | 1 | |a Ocagne, Maurice d', |d 1862-1938. |4 aui | |
| 084 | |a 11-XX |2 msc2000 | ||
| 859 | |h 11 |i K89 |p A-1992 |v 1 |3 Tomo I |b BIB. MATEMATICA | ||
